| 000 | 04793cam a22013334i 4500 | ||
|---|---|---|---|
| 001 | u46996 | ||
| 003 | PE-LiUPU | ||
| 005 | 20250813185544.0 | ||
| 008 | 150706s2009 sp a rb 000 0 spa d | ||
| 020 | _a9788496713994 | ||
| 035 | _a(Sirsi) i9788496713994 | ||
| 040 |
_aPE-LiUPU _bspa _cPE-LiUPU _erda |
||
| 049 | _aPRUA | ||
| 082 | 0 | 4 |
_a370.1523 _bD _221 |
| 245 | 0 | 1 |
_aDificultades infantiles de aprendizaje : _bmanual orientativo para padres y educadores / _c[redacción, Inés Carreño González, Ana María Salgado Gómez]. |
| 264 | 1 |
_aMadrid : _bGrupo Cultural, _c[2009]. |
|
| 300 |
_a448 páginas : _bilustraciones ; _c26 centímetros |
||
| 336 |
_atext _2rdacontent |
||
| 337 |
_aunmediated _2rdamedia |
||
| 338 |
_avolume _2rdacarrier |
||
| 504 | _aBibliografía : páginas 446-448. | ||
| 505 | 0 | _aEn busca de una definición -- El cerebro en el aprendizaje -- Nuevas investigaciones sobre el funcionamiento del cerebro humano -- Condiciones necesarias para aprender -- Procesamiento de la información -- Especialización cerebral -- Estilos de aprendizaje -- Factores psicosociales en el aprendizaje -- Trastornos en el aprendizaje -- Definición de dificultades en el aprendizaje -- Factores en el diagnóstico de problemas de aprendizaje -- Clasificación de las dificultades en el aprendizaje -- Trastornos en el aprendizaje -- Estrategias de ayuda -- La escuela y los niños con dificultades de aprendizaje -- El papel de los padres -- El papel de los profesionales -- Estrategias y actividades de ayuda. | |
| 526 | _aP202 | ||
| 526 | _aP201 | ||
| 526 | _aP163 | ||
| 526 | _aP162 | ||
| 526 | _aP161 | ||
| 526 | _aP160 | ||
| 526 | _aP148 | ||
| 526 | _aP147 | ||
| 526 | _aP146 | ||
| 526 | _aP145 | ||
| 526 | _aP144 | ||
| 526 | _aP143 | ||
| 526 | _aP142 | ||
| 526 | _aP141 | ||
| 526 | _aP140 | ||
| 526 | _aP139 | ||
| 526 | _aP138 | ||
| 526 | _aP137 | ||
| 526 | _aP136 | ||
| 526 | _aP135 | ||
| 526 | _aP134 | ||
| 526 | _aP133 | ||
| 526 | _aP129 | ||
| 526 | _aP128 | ||
| 526 | _aP127 | ||
| 526 | _aP120 | ||
| 526 | _aP119 | ||
| 526 | _aP118 | ||
| 526 | _aP116 | ||
| 526 | _aP115 | ||
| 526 | _aP114 | ||
| 526 | _aP110 | ||
| 526 | _aP109 | ||
| 526 | _aP108 | ||
| 526 | _aP104 | ||
| 526 | _aP103 | ||
| 526 | _aP102 | ||
| 526 | _aP99 | ||
| 526 | _aP98 | ||
| 526 | _aP97 | ||
| 526 | _aP96 | ||
| 526 | _aP95 | ||
| 526 | _aP93 | ||
| 526 | _aP90 | ||
| 526 | _aP89 | ||
| 526 | _aP88 | ||
| 526 | _aP83 | ||
| 526 | _aP82 | ||
| 526 | _aP62 | ||
| 526 | _aP59 | ||
| 526 | _aP58 | ||
| 526 | _aP57 | ||
| 526 | _aP51 | ||
| 526 | _aP49 | ||
| 526 | _aP48 | ||
| 526 | _aP47 | ||
| 526 | _aP29 | ||
| 526 | _aP24 | ||
| 526 | _aP20 | ||
| 526 | _aP19 | ||
| 526 | _aP17 | ||
| 526 | _aP15 | ||
| 526 | _aP14 | ||
| 526 | _aP12 | ||
| 526 | _aP10 | ||
| 526 | _aP09 | ||
| 526 | _aP08 | ||
| 526 | _aP07 | ||
| 526 | _aP06 | ||
| 526 | _aP05 | ||
| 526 | _aP04 | ||
| 526 | _aP01 | ||
| 541 | _g002-000032; | ||
| 596 | _a1 2 3 | ||
| 650 | 0 | 4 |
_aNiños con trastornos del aprendizaje _xEducación. |
| 650 | 0 | 4 |
_aPsicología del aprendizaje. _9227 |
| 650 | 0 | 4 | _aTrastornos del aprendizaje. |
| 650 | 0 | 4 |
_aTrastornos del habla en niños. _91792 |
| 700 | 1 |
_aCarreño Gonzáles, Inés, _eRevisión Técnica. |
|
| 700 | 1 | _aSalgado Gómez, Ana María. | |
| 910 |
_blch _clch _d20090423 |
||
| 942 |
_2ddc _cBOOK |
||
| 994 |
_aC0 _bPEPRU |
||
| 949 |
_a370.1523 C28 _wDEWEY _c1 _iFJ01984 _lCCODEBUJ1 _mBUJ _n6 _p29.00 _r0 _sY _tBOOK _u2015-10-19 _xEDUCACION _PP20 _0COMPRA _o.STAFF. Colección General Juliaca |
||
| 949 |
_a370.1523 D _wDEWEY _c1 _i59527 _d2017-10-2 _e2017-9-27 _f2018-2-12 _g2 _lCCODEBUL1 _mBUL _n5 _p29.00 _r0 _sY _tBOOK _u2015-7-6 _xEDUCACION _PP20 _0COMPRA _o.STAFF. Colección General |
||
| 949 |
_a616.89 C26 2008 _wDEWEY _c1 _iFT02355 _lCCODEBUT1 _mBUT _p50.00 _r0 _sY _tBOOK _u2016-2-24 _xSALUD _PP33 _0COMPRA _o.CIRCNOTE. Este documento es muy costoso _o.STAFF. Colección General |
||
| 999 |
_a370.1523 D _wDEWEY _c49090 _i59527 _d49090 _e2017-9-27 _f2021-11-8 _g5 _lCCODEBUL1 _mBUL _n5 _p29.00 _r0 _sY _tBOOK _u2015-7-6 _xEDUCACION _PP20 _0COMPRA _o.STAFF. Colección General |
||
| 999 |
_a370.1523 C28 _wDEWEY _c1 _iFJ01984 _d2019-4-30 _e2018-6-18 _f2022-1-18 _g4 _lCCODEBUJ1 _mBUJ _n7 _p29.00 _q3 _r0 _sY _tBOOK _u2015-10-19 _xEDUCACION _PP20 _0COMPRA _o.STAFF. Colección General Juliaca |
||
| 999 |
_a616.89 C26 2008 _wDEWEY _c1 _iFT02355 _d2019-5-30 _e2019-5-29 _f2019-2-20 _g1 _lCCODEBUT1 _mBUT _n1 _p50.00 _r0 _sY _tBOOK _u2016-2-24 _xSALUD _PP33 _0COMPRA _o.CIRCNOTE. Este documento es muy costoso _o.STAFF. Colección General |
||
| 980 |
_81 _gALBERTO SANCHEZ Responsable de Automatización |
||